| 000 | 00583ntaaa2200217 4500 | ||
|---|---|---|---|
| 003 | 01 | ||
| 005 | 20251027200544.0 | ||
| 008 | 0714s1973 ag 01 | ||
| 040 |
_aAR-BaBN _bspa _cAR-BaBN _eaacr _dRIC |
||
| 082 | _a370.7 N35p | ||
| 100 |
_aNervi, J. Ricardo. _91016 |
||
| 245 |
_aLa practica docente y sus fundamentos psicodidacticos. / _cJ. Ricardo. Nervi |
||
| 250 | _a1 ed. | ||
| 260 |
_aBuenos Aires. : _bKapelusz., _c1969. |
||
| 300 | _a237 p. | ||
| 650 | _aEducacion. | ||
| 650 | _aEnseƱanza-Aprendizaje. | ||
| 650 | _aDidactica. | ||
| 650 |
_aPedagogia. _91020 |
||
| 942 | _cBK | ||
| 999 |
_c336 _d336 |
||